|
|
|
|
| LEADER |
00000cam a2200000 7i4500 |
| 001 |
0000064849 |
| 005 |
20160724.0 |
| 008 |
160724 |
| 020 |
|
|
|a 9789832561453
|
| 020 |
|
|
|a 9832561426 (set)
|
| 020 |
|
|
|a 9832561450
|
| 090 |
0 |
0 |
|a BIO
|b MAL
|
| 100 |
1 |
|
|a A. Ghani Abdullah
|
| 245 |
1 |
0 |
|a Amir Hamzah menawan Mekah
|c A. Ghani Abdullah
|
| 260 |
|
|
|a Petaling Jaya :
|b Maximseri Design Sdn.Bhd ,
|c 2003
|
| 300 |
|
|
|a 18 pg :
|b Col., b.w ;
|c 20.9cm.
|
| 500 |
|
|
|a Children ages 7-9 years old (orange)
|
| 999 |
|
|
|a 0000002656
|b Book
|c Children Collection
|e Cawangan Taman Universiti
|
| 999 |
|
|
|a 0000002657
|b Book
|c Children Collection
|e Cawangan Taman Universiti
|
| 999 |
|
|
|a 0000002658
|b Book
|c Children Collection
|e Cawangan Taman Universiti
|
| 999 |
|
|
|a 0000002659
|b Book
|c Children Collection
|e Cawangan Taman Universiti
|
| 999 |
|
|
|a 0000858156
|b Book
|c Children Collection
|e Cawangan Tmn. Ungku Tun Aminah
|
| 999 |
|
|
|a 0000858158
|b Book
|c Children Collection
|e Cawangan Tmn. Ungku Tun Aminah
|